000 00983nam a22003017a 4500
001 4891
003 FISKH
005 20241023101317.0
008 241023b cb ||||| |||| 00| 0 eng d
020 _a9780545041805
040 _aFISKH
_beng
_cFISKH
_dFISKH
050 _aPZ7.W65535
082 _a813.6
100 _aWilliams, Mo
_d(1968-)
245 _aDon't let the pigeon stay up late! /
_cWords and pictures by mo williams
250 _aFirst printing in 2007
260 _aNew York :
_bScholastic,
_c2007.
300 _a31 pages :
_bColor illustrations ;
_c23 cm
505 _aJ
520 _aNeeding to brush his teeth, a bus driver asks the reader to make sure that the pigeon goes to bed on time--but the bird has many excuses about why it should stay awake.
521 8 _a470L
_bLexile
521 8 _aJ
_bRaz-Plus
650 _2Bedtime
_aPigeon
650 _2Humor
_aAnimals
700 _awilliams, mo
_dIllustrator
942 _2ddc
_cBK
_n0
999 _c4891
_d4891